• 首页
  • 本馆介绍
  • 公告通知
  • 最新文献
  • 馆藏检索
  • 电子资源
  • 读者导购
  • 参考咨询
  • 我的图书馆
  • 登录
  • 详细信息显示
  • 放入我的书架
  • 预约/预借图书
  • 作者相关作品
  • 分类相关作品
  • 丛书相关作品
  • 出版社相关作品

书目信息

  • 表格格式
  • 工作单格式
  • 卡片格式
题名:
保险营销管理
    
 
作者: 张洪涛 , 时国庆 主编
分册:  
出版信息: 北京   中国人民大学出版社  2005
页数: 328页
开本: 23cm
丛书名:
单 册:
中图分类: 市场营销学 , F840.4
科图分类:
主题词: 保险业--市场营销学--高等学校--教材 , 保险业
电子资源:
ISBN: 7-300-06408-6
000 01090nam0 2200301 450
000 01102nam0 2200301 450
000 01033nam0 2200277 450
000 00997oam2 2200265 45
005 20070725162237.04
010    @a7-300-06408-6@dCNY25.00
100    @a20070626d2005 em y0chiy0120 ea
101 0  @achi
102    @aCN@b110000
105    @ay z 000yy
200 1  @a保险营销管理@ABao Xian Ying Xiao Guan Li@f张洪涛,时国庆主编@FZhang Hong Tao, Shi Guo Qing Zhu Bian
210    @a北京@c中国人民大学出版社@d2005
215    @a328页@d23cm
300    @a21世纪保险系列教材@f张洪涛总主编
330    @a本书深入阐述了保险营销的理论和技巧,内容分为三个部分共十六章。第一部分是保险营销概念;第二部分是保险营销市场分析;第三部分是保险营销策略系统。
510 1  @aInsurance Marketing Management@zeng
606 0  @a保险业@x市场营销学@x高等学校@j教材
606 0  @a保险业
690    @a市场营销学
690    @aF840.4@v4
701  0 @a张洪涛@AZhang Hong Tao@c(保险)@4主编
701  0 @a时国庆@AShi Guo Qing@c(经济师)@4主编
801  0 @aCN@bTAOJIN@c20070725
905    @a10447@dF840.4@e36
    
    保险营销管理/张洪涛,时国庆主编.-北京:中国人民大学出版社,2005
    328页;23cm
    21世纪保险系列教材
    
    ISBN 7-300-06408-6:CNY25.00
    本书深入阐述了保险营销的理论和技巧,内容分为三个部分共十六章。第一部分是保险营销概念;第二部分是保险营销市场分析;第三部分是保险营销策略系统。
●
相关链接 在E读中查询图书 在五车中查询图书 在当当中查询图书 在豆瓣中查询图书


正题名:保险营销管理     索取号:F840.4/36         预约/预借

序号 登录号 条形码 馆藏地/架位号 状态 备注
1 0826091   208260914   第一样本阅览室/ [索取号:F840.4/36] 在馆    
2 0826092   208260923   第一借阅区/ [索取号:F840.4/36] 在馆    
3 0826093   208260932   第一借阅区/ [索取号:F840.4/36] 在馆    
4 0826094   208260941   第一借阅区/ [索取号:F840.4/36] 在馆    
5 0826095   208260950   第一借阅区/ [索取号:F840.4/36] 在馆    
6 0826096   208260969   第一借阅区/ [索取号:F840.4/36] 在馆    
7 0826097   208260978   第一借阅区/ [索取号:F840.4/36] 在馆    
8 0826098   208260987   第一借阅区/ [索取号:F840.4/36] 在馆    
唐山师范学院图书馆 欢迎您!
大连网信软件有限公司© 版权所有